| 000 | 00582 a2200181 4500 | ||
|---|---|---|---|
| 999 |
_c4256 _d4256 |
||
| 010 | _aENG-86225 | ||
| 020 |
_a9788120332119 _c350.00 |
||
| 035 | _aEN-69758 | ||
| 037 | _bDBAD / PUB | ||
| 082 | 1 | 4 | _a006.76 |
| 100 | _aScribner, Kenn | ||
| 245 | 1 |
_aMicrosoft windows workflow foundation step by step / _cby Kenn Scribner |
|
| 260 |
_aNew Delhi _bPrentice-Hall of India _c2007 |
||
| 270 |
_aM-97, Connaught Circus _bNew Delhi _cNew Delhi _e110 001 |
||
| 300 |
_axxviii, 481p. _c23cm. (Pbk) _eCD-ROM |
||
| 500 | _aIncludes index | ||
| 942 |
_adpl _cEN _2ddc _h006.76 _mSCR |
||